Statistics for Artists That Have Worked with Rihanna

Click here to take the quiz!

General Stats

  • This quiz has been taken 29 times
  • The average score is 10 of 24

Answer Stats

Artist% Correct
Drake
88%
Eminem
88%
Jay-Z
83%
Kanye West
67%
Nicki Minaj
63%
Calvin Harris
58%
Shakira
46%
T.I.
46%
Chris Brown
42%
David Guetta
42%
DJ Khaled
42%
Paul McCartney
42%
Future
38%
Kendrick Lamar
38%
Maroon 5
38%
Ne-Yo
38%
Jeezy
29%
Slash
25%
Bryson Tiller
21%
Coldplay
21%
Justin Timberlake
17%
Kid Cudi
8%
Mikky Eko
8%
The Lonely Island
4%

Score Distribution

Percentile by Number Answered

Percent of People with Each Score

Your Score History

You have not taken this quiz